000 00849 a2200265 4500
020 _a0-596-00581-4 (pbk.) :
035 _a(Uk)012941829
040 _aDLC
_bDLC
082 0 4 _a346'.0482
100 1 _aSt. Laurent, Andrew M.
245 1 0 _aUnderstanding open source & free software licensing
_cAndrew M. St. Laurent
246 1 2 _aUnderstanding open source and free software licensing
260 _aSebastopol, Calif. :
_bO'Reilly,
_c2004
300 _a193 s. ;
_c23 cm.
650 0 _aCopyright
_xComputer programs
650 0 _aOpen source software
_xLaw and legislation
650 0 _aFree computer software
650 0 _aComputer software industry
_xLicenses
650 0 _aIntellectual property
650 0 _aLicenses
650 0 _aLicense agreements
650 0 _aComputer software
650 0 _aCopyright
942 _cBK
_k005.1 STL
_2ddc
999 _c5753
_d5753